000 00737cab a2200277 4500
001 X961
008 090401t1993 xxu||||| |||| 00| 0 eng d
035 _a(Sirsi) u68439
041 _aeng
100 _aWoodrow, D.
245 _aEnvironmental applications of GIS in the water industry
260 _c1993
350 _a0
490 _aMapping Awareness
_v7(6) July/August 1993, 22-23(2)
650 _aCRABS
650 _aENVIRONMENTAL IMPACT ASSESSMENTS
650 _aFARMS
650 _aGEOGRAPGIC INFORMATION SYSTEMS
650 _aMINDER
650 _aNLSGIS
650 _aWATER INDUSTRY
650 _aWISDOM
690 _aMANAGEMENT-BUSINESS MANAGEMENT-INFORMATION MANAGEMENT
942 _n0
948 _c04/03/1997
999 _c42941
_d42941